films français anciens à retrouver - Statistiques

Statistiques générales
  • Ce quiz a été pris 11 fois
  • Le résultat moyen est 2 sur 16
Statistiques - réponses
Par images Réponse % Correct
garou garou le passe muraille
45%
la horse
27%
ni vu ni connu
27%
dernier domicile connu
18%
fantasia chez les ploucs
18%
faut pas prendre les enfants du bon dieu pour des canards sauvages
18%
le grand chef
9%
le vielle homme et l enfant
9%
dupont lajoie
0%
elle court elle court la banlieue
0%
lady panam
0%
la guerre des polices
0%
laisse allé c 'est une valse
0%
l etalon
0%
tenue de soirée
0%
tout le monde il est beau tout le monde il est gentil
0%
Aucun quiz correspondant
Distribution des résultats
% des personnes avec chaque résultat
Percentile par nombre de réponses
Votre historique - résultats
Vous n’avez pas pris ce quiz